00345nam a22001097a 4500020000800000040001600008082001300024100002800037245010700065250001300172260005000185 qHB. cFIZZA ISHAQ a909bWIL aWilliams , Henry Smith. aThe historians' history of the world in twenty-five volumes, volume 09 Italy /cHenry Smith Williams. aVoI : IX aNew York:bPress of J. J. Little & Co,c1904.